| 000 | 005710000a22002050004500 | ||
|---|---|---|---|
| 020 | _a84-329-9411-1 | ||
| 041 | 0 | _aSPA | |
| 082 | 0 | 4 | _aG 372.21 S7451j |
| 100 | 1 | _aSpencer, Zane A. | |
| 245 | 1 | 0 | _a150 Juegos y actividades preescolares / Zane A. Spencer |
| 250 | _a2 | ||
| 260 | _aBarcelona, España : CEAC | ||
| 300 | _a179 Pag | ||
| 500 | _aTítulo original : 150 plus! Games and activities for early childhood | ||
| 001 | 9995 | ||
| 942 | _cBK | ||
| 999 |
_c39772 _d39772 |
||
| 336 |
_atexto _btxt _2rdacontent |
||
| 337 |
_2rdamedia _asin mediación _bn |
||
| 338 |
_2rdacarrier _avolumen _bnc |
||